Παιδικές ιστορίες
Αποθηκεύτηκε σε:
| Κύριος συγγραφέας: | |
|---|---|
| Μορφή: | Βιβλίο |
| Γλώσσα: | Greek |
| Δημοσίευση: |
Αθήνα :
Σύγχρονη Εποχή,
1985
|
| Θέματα: | |
| Ετικέτες: |
Προσθήκη ετικέτας
Δεν υπάρχουν, Καταχωρήστε ετικέτα πρώτοι!
|
MARC
| LEADER | 00000cam a2200000 i 4500 | ||
|---|---|---|---|
| 001 | 1/79448 | ||
| 008 | 970221s1985 gr | ||| |||| ||gre|| | ||
| 035 | |a 1990 |b 3 |c Δωρεά |l 10033180 | ||
| 040 | |a GR-MY-UA |b gre |e aacr | ||
| 041 | 0 | |a gre | |
| 082 | 0 | |a 808.899282 | |
| 100 | 1 | |a Παιονίδου, Έλλη, |d 1940- | |
| 245 | 1 | 0 | |a Παιδικές ιστορίες / |c Ελλη Παιονίδου ; εικονογράφηση Ντέπυ Ξηρουχάκη. |
| 260 | |a Αθήνα : |b Σύγχρονη Εποχή, |c 1985 | ||
| 300 | |a 47 σ. | ||
| 650 | 0 | 0 | |a Children's literature, Greek (Modern) |
| 655 | 7 | |a Fairy tales |2 lcgft | |
| 852 | |a INST |b RHODES |e 19970221 |h 808.899282 ΠΑΙ |p 005400010285 |q 005400010285 |t BK |y 0 | ||
| 909 | |a Ρ |b 022272 | ||
| 970 | |z 2000/09/ELIDOC | ||